<?xml version="1.0" encoding="UTF-8"?>
<record
    xmlns:xsi="http://www.w3.org/2001/XMLSchema-instance"
    xsi:schemaLocation="http://www.loc.gov/MARC21/slim http://www.loc.gov/standards/marcxml/schema/MARC21slim.xsd"
    xmlns="http://www.loc.gov/MARC21/slim">

  <leader>00883nam a22002297a 4500</leader>
  <controlfield tag="005">20240328104833.0</controlfield>
  <datafield tag="010" ind1=" " ind2=" ">
    <subfield code="a">HIN-127219</subfield>
  </datafield>
  <datafield tag="020" ind1=" " ind2=" ">
    <subfield code="a">9788194915454</subfield>
    <subfield code="c">500.00</subfield>
  </datafield>
  <datafield tag="035" ind1=" " ind2=" ">
    <subfield code="a">HN-99565</subfield>
  </datafield>
  <datafield tag="037" ind1=" " ind2=" ">
    <subfield code="b">DBAD/PUB.</subfield>
  </datafield>
  <datafield tag="082" ind1=" " ind2=" ">
    <subfield code="a">&#x915; </subfield>
  </datafield>
  <datafield tag="100" ind1=" " ind2=" ">
    <subfield code="a">&#x905;&#x92F;&#x902;&#x917;&#x930;,&#x90F;&#x938; &#x906;&#x930; &#x906;&#x930; </subfield>
    <subfield code="9">64034</subfield>
  </datafield>
  <datafield tag="245" ind1=" " ind2=" ">
    <subfield code="a">&#x92D;&#x93E;&#x930;&#x924;&#x940;&#x92F; &#x92F;&#x94B;&#x926;&#x94D;&#x927;&#x93E;;&#x938;&#x93E;&#x939;&#x938;,&#x92C;&#x939;&#x93E;&#x926;&#x941;&#x930;&#x940; &#x914;&#x930; &#x924;&#x94D;&#x92F;&#x93E;&#x917; &#x915;&#x940; &#x935;&#x940;&#x930; &#x917;&#x93E;&#x925;&#x93E;/</subfield>
    <subfield code="c">&#x90F;&#x938; &#x906;&#x930; &#x906;&#x930; &#x905;&#x92F;&#x902;&#x917;&#x930; [et.al]</subfield>
  </datafield>
  <datafield tag="250" ind1=" " ind2=" ">
    <subfield code="a">1</subfield>
  </datafield>
  <datafield tag="260" ind1=" " ind2=" ">
    <subfield code="a">new delhi</subfield>
    <subfield code="b">uday publishing house </subfield>
    <subfield code="c">2021</subfield>
  </datafield>
  <datafield tag="270" ind1=" " ind2=" ">
    <subfield code="a">4648/21 Ansari Road Darya Ganj </subfield>
    <subfield code="b">New Delhi</subfield>
    <subfield code="e">110002</subfield>
  </datafield>
  <datafield tag="300" ind1=" " ind2=" ">
    <subfield code="a">126 &#x92A;&#x943;;  </subfield>
    <subfield code="c">23  &#x938;&#x947;&#x92E;&#x940; (&#x938;&#x91C;&#x93F;&#x932;&#x94D;&#x926;)</subfield>
  </datafield>
  <datafield tag="700" ind1=" " ind2=" ">
    <subfield code="a">&#x92A;&#x940; &#x935;&#x940; &#x90F;&#x938; &#x90F;&#x92E; </subfield>
    <subfield code="9">63915</subfield>
  </datafield>
  <datafield tag="700" ind1=" " ind2=" ">
    <subfield code="a">&#x90F; &#x935;&#x940; &#x90F;&#x938; &#x90F;&#x92E; </subfield>
    <subfield code="9">63916</subfield>
  </datafield>
  <datafield tag="700" ind1=" " ind2=" ">
    <subfield code="a">&#x935;&#x940; &#x90F;&#x938; &#x90F;&#x92E; </subfield>
    <subfield code="9">63917</subfield>
  </datafield>
  <datafield tag="942" ind1=" " ind2=" ">
    <subfield code="a">dpl</subfield>
    <subfield code="c">HN</subfield>
    <subfield code="2">ddc</subfield>
    <subfield code="h">&#x915; </subfield>
    <subfield code="m">&#x905;&#x92F;&#x902;&#x917;</subfield>
  </datafield>
  <datafield tag="999" ind1=" " ind2=" ">
    <subfield code="c">201765</subfield>
    <subfield code="d">201765</subfield>
  </datafield>
  <datafield tag="952" ind1=" " ind2=" ">
    <subfield code="0">0</subfield>
    <subfield code="1">0</subfield>
    <subfield code="4">0</subfield>
    <subfield code="7">0</subfield>
    <subfield code="8">FIC</subfield>
    <subfield code="a">BN</subfield>
    <subfield code="b">BN</subfield>
    <subfield code="d">2024-03-26</subfield>
    <subfield code="e">DBAD/PUB</subfield>
    <subfield code="g">500.00</subfield>
    <subfield code="l">0</subfield>
    <subfield code="o">&#x915;  &#x905;&#x92F;&#x902;&#x917;</subfield>
    <subfield code="p">HN-99565</subfield>
    <subfield code="r">2024-03-26 00:00:00</subfield>
    <subfield code="t">1</subfield>
    <subfield code="v">500.00</subfield>
    <subfield code="w">2024-03-26</subfield>
    <subfield code="y">HN</subfield>
  </datafield>
</record>
